| 000 | 00836nam0a22002291 4500 | ||
|---|---|---|---|
| 001 | rc\619880 | ||
| 005 | 20250621184728.0 | ||
| 035 | _a(NLR Aleph) 005862892 | ||
| 090 |
_a5897531 _c5897531 |
||
| 100 | _a20031121d1986 |||y0rusy50 ca | ||
| 101 | 0 | _arus | |
| 102 | _aRU | ||
| 105 | _ay ||||||||| | ||
| 200 | 1 |
_aСтановление политической экономии социализма в НРБ (1944-1985 гг.) _eПрепр. докл. на Учен. совете по истории экон. мысли _fК. э. н. М.М. Вагина _gИн-т экономики АН СССР |
|
| 210 |
_aМ. _cБ. и. _d1986 |
||
| 215 |
_a36 с. _d20 |
||
| 700 | 1 |
_aВагина _bМ.М. _gМайя Михайловна |
|
| 801 | 0 |
_aRU _bNLR _gpsbo |
|
| 801 | 1 |
_aRU _bELAR _2rusmarc |
|
| 852 |
_aNLR _j87-4/23531 |
||
| 942 | _cBOOK | ||
| 980 | _aNB | ||